Abeja de fuego, como Pablo Neruda llamó más tarde a María Luisa Bombal
Saved in:
| Hovedforfatter: | |
|---|---|
| Format: | Bog |
| Sprog: | spansk |
| Udgivet: |
Santiago
Andrés Bello
2000
|
| Udgivelse: | 1a. ed |
| Fag: | |
| Tags: |
Tilføj Tag
Ingen Tags, Vær først til at tagge denne postø!
|
MARC
| LEADER | 00000nam a2200000 a 4500 | ||
|---|---|---|---|
| 001 | UCH8568 | ||
| 003 | CL-VaPUC | ||
| 005 | 20241111112016.0 | ||
| 008 | 091127e20000800CL |||||||||||||||||spa|d | ||
| 999 | |c 338779 |d 338777 | ||
| 020 | |a 9561316528 | ||
| 040 | |c Pontificia Universidad Católica de Valparaíso | ||
| 082 | 0 | 4 | |a Ch863 |b CAR |2 21 |
| 100 | |a Carvajal, Víctor |e author |9 569502 | ||
| 245 | 1 | 0 | |a Abeja de fuego, como Pablo Neruda llamó más tarde a María Luisa Bombal |
| 250 | |a 1a. ed | ||
| 260 | |a Santiago |b Andrés Bello |c 2000 | ||
| 300 | |a 118 p | ||
| 583 | |a last modification |c 20091127 00:00:00 |k Rodrigo Vera | ||
| 600 | 0 | |a Bombal, María Luisa, |d 1910-1980 |e autora |9 307961 | |
| 600 | 0 | |a Neruda, Pablo, |d 1904-1973 |e autor |9 471955 | |
| 650 | 0 | |a Literatura chilena |9 308278 | |
| 650 | 0 | |a Cuentos juveniles |9 542856 | |
| 942 | |c BK |2 ddc | ||
| 945 | |d 20091127 00:00:00 |a lazolas | ||